| 000 | 01115cam a2200337 i 4500 | ||
|---|---|---|---|
| 001 | 24370 | ||
| 003 | Mx-PuUPA | ||
| 005 | 20250724145446.0 | ||
| 008 | 140415s1999 sp a gr 001 0 spa d | ||
| 017 | _aB. 39.145-1999 | ||
| 020 | _a8480883782 | ||
| 040 |
_aMx-PuUPA _bspa _cMx-PuUPA _dMx-PuUPA _erda |
||
| 041 | 0 | _aspa | |
| 100 | 1 |
_aAmat, Oriol, _d1957- _eautor _910606 |
|
| 245 | 1 | 0 |
_aContabilidad creativa / _cAmat Oriol, John Blake |
| 250 |
_aTercera edición / _boctubre |
||
| 264 | 1 |
_aBarcelona, Español : _bEdiciones Gestión 2000, _c1999 |
|
| 300 |
_a197 páginas : _btablas ; _c23 cm |
||
| 336 |
_2rdacontent _atexto _btxt |
||
| 337 |
_2rdamedia _asin medio _bn |
||
| 338 |
_2rdacarrier _avolumen _bnc |
||
| 650 | 7 |
_913986 _2armarc _aContabilidad |
|
| 650 | 7 |
_2armarc _aContabilidad _xAnálisis |
|
| 650 | 7 |
_2armarc _aEmpresas _xContabilidad |
|
| 650 | 7 |
_2armarc _aContabilidad _vManuales |
|
| 700 | 1 |
_aBlake, John _eautor |
|
| 942 |
_2ddc _cLI _h657 _iA47 |
||
| 999 |
_c24370 _d24370 |
||